BIOCHEMISTRY AND CLINICAL PATHOLOGY (Record no. 5975)

MARC details
000 -LEADER
fixed length control field 00374nam a22001457a 4500
005 - DATE AND TIME OF LATEST TRANSACTION
control field 20210827145009.0
008 - FIXED-LENGTH DATA ELEMENTS--GENERAL INFORMATION
fixed length control field 190910b xxu||||| |||| 00| 0 eng d
020 ## - INTERNATIONAL STANDARD BOOK NUMBER
ISBN 81-256-0092-2
041 ## - LANGUAGE CODE
Language code of text/sound track or separate title eng
100 ## - MAIN ENTRY--AUTHOR NAME
Personal name SIDDIQUI,Dr. ABEES AHNAD & OTHERS
245 ## - TITLE STATEMENT
Title BIOCHEMISTRY AND CLINICAL PATHOLOGY
260 ## - PUBLICATION, DISTRIBUTION, ETC. (IMPRINT)
Place of publication TARA PUBLISHERS
Name of publisher DELHI
300 ## - PHYSICAL DESCRIPTION
Number of Pages 154p,
942 ## - ADDED ENTRY ELEMENTS (KOHA)
Koha item type Books
Holdings
Lost status Damaged status Collection code Home library Current library Shelving location Date acquired Source of acquisition Cost, normal purchase price Accession Number Koha item type
    PHARMACY JRU Library JRU Library Shelf - 22- H 10/09/2019 PURCHESS 120.00 23474 Books
    Reference JRU Library JRU Library SHELF - 10 - D 10/09/2019 PURCHESS 120.00 23475 Books
    PHARMACY JRU Library JRU Library SHELF-5-D 10/09/2019 PURCHESS 120.00 23476 Books
    PHARMACY JRU Library JRU Library Shelf - 22- H 17/09/2019 PURCHESS 120.00 23423 Books